000 00346nam a22001337a 4500
020 _a0-408-00297-2
082 _a658.202 KEL'M
100 _aKELLY, A,HARRIS, M. J
_974417
245 _aMANAGEMENT OF INDUSTRIAL MAINRENANC
260 _aLONDO
_bBUTTERWORTH
_c1978
300 _a262P
650 _aPLANT MAINTENANCE MANAGEMENT
_92593
942 _cBK
999 _c581430
_d581430